[Event "FIDE Women’s World Rapid Championships 2024"]
[White "Zhu, Chen"]
[Black "Peycheva, Gergana"]
[Site "New York, USA"]
[Round "3"]
[Board "31"]
[Result "1/2-1/2"]
[Date "2024.12.26"]
[WhiteElo "2330"]
[BlackElo "2222"]
[PlyCount "97"]
[GameId "2127263858799095"]
[EventDate "2024.12.26"]
[EventType "rapid"]
[EventRounds "11"]
[EventCountry "FID"]

1. d4 d5 2. c4 e6 3. Nc3 Nf6 4. cxd5 exd5 5. Bg5 Be7 6. e3 h6 7. Bh4 Bg4 8. Qc2 O-O 9. Bd3 c5 10. dxc5 d4 11. exd4 Nc6 12. Nge2 Bxe2 13. Nxe2 Nxd4 14. Qc4 Nxe2 15. Bxe2 Rc8 16. b4 b6 17. Rd1 Qc7 18. Bg3 Qc6 19. O-O bxc5 20. Bf3 Qb6 21. Rfe1 cxb4 22. Qh4 Bc5 23. Be5 Rcd8 24. Bxf6 Qxf6 25. Qxf6 gxf6 26. Bd5 Rd6 27. Bb3 Rfd8 28. Rxd6 Rxd6 29. Kf1 a5 30. Re4 Kg7 31. Rg4+ Kf8 32. Ke2 Bd4 33. Rh4 Bc3 34. Rxh6 Rd2+ 35. Ke3 a4 36. Bc4 Rd4 37. Rh8+ Ke7 38. Rc8 Kd7 39. Rc5 Rh4 40. Bb5+ Kd6 41. Rc6+ Kd5 42. Bxa4 Rxh2 43. Rc7 Rxg2 44. Bb3+ Ke5 45. Kf3 Rh2 46. Kg3 Rh7 47. Rd7 f5 48. Rxf7 Rxf7 49. Bxf7 1/2-1/2

[Event "FIDE Women’s World Rapid Championships 2024"]
[White "Beydullayeva, Govhar"]
[Black "Sahithi, Varshini M"]
[Site "New York, USA"]
[Round "3"]
[Board "32"]
[Result "0-1"]
[Date "2024.12.26"]
[WhiteElo "2212"]
[BlackElo "2329"]
[PlyCount "108"]
[GameId "2127263858799096"]
[EventDate "2024.12.26"]
[EventType "rapid"]
[EventRounds "11"]
[EventCountry "FID"]

1. d4 Nf6 2. c4 e6 3. Nf3 Bb4+ 4. Nbd2 b6 5. a3 Bxd2+ 6. Bxd2 Bb7 7. e3 d6 8. Bd3 Nbd7 9. Qc2 Qe7 10. O-O e5 11. e4 O-O 12. d5 Nc5 13. b4 Nxd3 14. Qxd3 Nd7 15. Qc2 h6 16. Be3 f5 17. exf5 Qf6 18. Nd2 Qxf5 19. Qxf5 Rxf5 20. f3 a5 21. Ne4 Rff8 22. Rfc1 axb4 23. axb4 Kf7 24. Nc3 Ba6 25. Ne4 Bb7 26. Nc3 Ba6 27. Ne4 Ke7 28. Kf2 Bb7 29. Ke1 Rfc8 30. Rd1 Nf6 31. Kd2 b5 32. Nxf6 Kxf6 33. cxb5 Bxd5 34. Rdc1 Rxa1 35. Rxa1 Rb8 36. Ra5 Bc4 37. Ra7 Bxb5 38. Rxc7 Bf1 39. Rd7 Bxg2 40. Rxd6+ Kf5 41. Rb6 Ra8 42. Rb7 Bxf3 43. Rxg7 Ra2+ 44. Kc3 Rxh2 45. b5 h5 46. b6 Rh1 47. Rf7+ Kg4 48. Rg7+ Kh3 49. Rg1 Rxg1 50. Bxg1 h4 51. Bc5 Kg4 52. Kd3 h3 53. Bg1 Kg3 54. Ke3 Bb7 0-1

[Event "FIDE Women’s World Rapid Championships 2024"]
[White "Wagner, Dinara"]
[Black "Wu, Rochelle"]
[Site "New York, USA"]
[Round "3"]
[Board "33"]
[Result "1-0"]
[Date "2024.12.26"]
[WhiteElo "2307"]
[BlackElo "2217"]
[PlyCount "63"]
[GameId "2127263858803193"]
[EventDate "2024.12.26"]
[EventType "rapid"]
[EventRounds "11"]
[EventCountry "FID"]

1. d4 d5 2. c4 e6 3. Nf3 a6 4. cxd5 exd5 5. Nc3 c6 6. Bf4 Bd6 7. Bxd6 Qxd6 8. e4 Ne7 9. e5 Qh6 10. Bd3 O-O 11. O-O Bg4 12. Qe2 Nd7 13. h3 Bf5 14. Rad1 Rfe8 15. Rfe1 Nf8 16. Qe3 Qxe3 17. Rxe3 Ne6 18. Bxf5 Nxf5 19. Ree1 a5 20. g4 Ne7 21. Kg2 Rac8 22. Kg3 Rf8 23. h4 h6 24. Rd2 g5 25. h5 Kg7 26. Nd1 Nf4 27. Ne3 f5 28. exf6+ Rxf6 29. Ng2 Rc7 30. Nxf4 Rxf4 31. Re5 Ng8 32. Nxg5 1-0

[Event "FIDE Women’s World Rapid Championships 2024"]
[White "Bodnaruk, Anastasia"]
[Black "Kaliakhmet, Elnaz"]
[Site "New York, USA"]
[Round "3"]
[Board "34"]
[Result "1/2-1/2"]
[Date "2024.12.26"]
[WhiteElo "2302"]
[BlackElo "2162"]
[PlyCount "141"]
[GameId "2127263858803194"]
[EventDate "2024.12.26"]
[EventType "rapid"]
[EventRounds "11"]
[EventCountry "FID"]

1. e4 c5 2. Nf3 Nc6 3. Bb5 g6 4. Bxc6 bxc6 5. O-O Bg7 6. Re1 Nh6 7. c3 O-O 8. d4 cxd4 9. cxd4 d5 10. e5 f6 11. h3 fxe5 12. Bxh6 Bxh6 13. Nxe5 Qb6 14. b3 c5 15. Nc3 Qf6 16. Re2 Rd8 17. Na4 cxd4 18. Qxd4 Bg7 19. Nc5 Qb6 20. Rc1 Ba6 21. Re3 Rac8 22. f4 Bb5 23. h4 Bc4 24. Rxc4 dxc4 25. Qxc4+ e6 26. Qxe6+ Qxe6 27. Nxe6 Rd1+ 28. Kh2 Bxe5 29. fxe5 Kf7 30. Nf4 Ke7 31. e6 Rd4 32. Kg3 Rf8 33. Rf3 Rf6 34. a4 a5 35. Rf2 h6 36. Kg4 Rxe6 37. Rc2 Rf6 38. g3 Rb6 39. Rc3 Rdb4 40. Rc5 Kf7 41. Rxa5 Rxb3 42. Ra7+ Ke8 43. a5 Rc6 44. Nd5 h5+ 45. Kf4 Rd6 46. Ke5 Rxd5+ 47. Kxd5 Rxg3 48. Kc5 Kd8 49. Rg7 Kc8 50. Kb6 Rg4 51. a6 Rb4+ 52. Kc5 Ra4 53. Kb5 Ra1 54. Rxg6 Rb1+ 55. Kc6 Rc1+ 56. Kb6 Rb1+ 57. Ka7 Rb4 58. Rc6+ Kd7 59. Rc5 Rxh4 60. Rb5 Kc7 61. Rc5+ Kd6 62. Rg5 Kc7 63. Rg7+ Kc8 64. Rh7 Rh1 65. Kb6 Rb1+ 66. Kc6 Kb8 67. Rxh5 Ka7 68. Rh8 Rc1+ 69. Kb5 Rb1+ 70. Kc5 Kxa6 71. Rh6+ 1/2-1/2

[Event "FIDE Women’s World Rapid Championships 2024"]
[White "Kurmangaliyeva, Liya"]
[Black "Danielian, Elina"]
[Site "New York, USA"]
[Round "3"]
[Board "35"]
[Result "1-0"]
[Date "2024.12.26"]
[WhiteElo "2128"]
[BlackElo "2301"]
[PlyCount "135"]
[GameId "2127263858803195"]
[EventDate "2024.12.26"]
[EventType "rapid"]
[EventRounds "11"]
[EventCountry "FID"]

1. e4 d6 2. d4 g6 3. Nc3 Bg7 4. Be3 a6 5. h4 h6 6. h5 g5 7. Qd2 b5 8. O-O-O Bb7 9. f3 Nd7 10. Nh3 Ngf6 11. Nf2 e6 12. Kb1 Qe7 13. Rh3 Nb6 14. a3 Nfd7 15. g3 O-O-O 16. f4 gxf4 17. gxf4 f5 18. exf5 exf5 19. Bd3 Kb8 20. Bxf5 Nc4 21. Qd3 Nxe3 22. Rxe3 Qh4 23. Nh3 Nb6 24. Rg1 Qf6 25. Reg3 Rhf8 26. Be4 Bh8 27. Bxb7 Kxb7 28. Ne2 Rde8 29. Rg6 Qh4 30. Nc3 Qxh5 31. R6g3 Qf5 32. Qf3+ Kb8 33. Rd1 d5 34. Qf2 Bf6 35. Rf3 Re6 36. Qg3 Rfe8 37. Nf2 Re1 38. Rfd3 h5 39. Qf3 c6 40. Ka2 Rxd1 41. Ncxd1 Nc4 42. b3 Nd6 43. Ne3 Qg6 44. f5 Qg5 45. Nh3 Qh4 46. Nf4 Ne4 47. Nxh5 Rf8 48. Ng2 Qg5 49. Ng3 Nxg3 50. Qxg3+ Qxg3 51. Rxg3 Bxd4 52. Rf3 Bf6 53. Nf4 Rh8 54. Rh3 Rxh3 55. Nxh3 Kc7 56. Nf2 Kd6 57. Ng4 Bc3 58. b4 a5 59. Kb3 axb4 60. axb4 Be1 61. c3 Bg3 62. Kc2 Be5 63. Kd3 Bg3 64. Kd4 Be1 65. Kd3 Bg3 66. Kd4 Be1 67. f6 Ke6 68. f7 1-0

[Event "FIDE Women’s World Rapid Championships 2024"]
[White "Yu, Jennifer"]
[Black "Lyutsinger, Iren"]
[Site "New York, USA"]
[Round "3"]
[Board "36"]
[Result "1-0"]
[Date "2024.12.26"]
[WhiteElo "2296"]
[BlackElo "2140"]
[PlyCount "109"]
[GameId "2127263858803196"]
[EventDate "2024.12.26"]
[EventType "rapid"]
[EventRounds "11"]
[EventCountry "FID"]

1. d4 Nf6 2. c4 e6 3. Nc3 Bb4 4. g3 c5 5. Nf3 d5 6. Bg2 Ne4 7. Bd2 Nxd2 8. Qxd2 O-O 9. cxd5 exd5 10. O-O Nc6 11. Rfd1 c4 12. Qc2 Re8 13. Ne5 Bxc3 14. Qxc3 Qd6 15. e4 Nxe5 16. dxe5 Rxe5 17. Qxc4 dxc4 18. Rxd6 Re8 19. f4 Rb8 20. Rad1 b5 21. e5 Bg4 22. R1d4 Rec8 23. Bc6 g6 24. Kf2 Kg7 25. a3 h5 26. Ke3 h4 27. Kd2 Rh8 28. Bd7 hxg3 29. hxg3 Rh2+ 30. Kc3 Rg2 31. Bxg4 Rxg3+ 32. Kb4 Rxg4 33. Rd7 Rg2 34. e6 Rxb2+ 35. Ka5 Rf8 36. Rxa7 Kf6 37. e7 Re8 38. Rd6+ Kf5 39. Rd8 Rxe7 40. Rxe7 f6 41. Rd4 Rb3 42. a4 bxa4 43. Kxa4 Rf3 44. Rxc4 Rxf4 45. Kb3 g5 46. Rxf4+ Kxf4 47. Kc2 Kg3 48. Rf7 g4 49. Rxf6 Kh2 50. Kd2 g3 51. Ke2 g2 52. Rh6+ Kg1 53. Rg6 Kh2 54. Kf2 Kh1 55. Rh6# 1-0

[Event "FIDE Women’s World Rapid Championships 2024"]
[White "Nilssen, Ellen Fredericia"]
[Black "Garcia Martin, Marta"]
[Site "New York, USA"]
[Round "3"]
[Board "37"]
[Result "0-1"]
[Date "2024.12.26"]
[WhiteElo "2071"]
[BlackElo "2291"]
[PlyCount "68"]
[GameId "2127263858803197"]
[EventDate "2024.12.26"]
[EventType "rapid"]
[EventRounds "11"]
[EventCountry "FID"]

1. d4 g6 2. c4 Bg7 3. Nf3 d6 4. g3 Nc6 5. d5 Nb8 6. Bg2 e5 7. e4 a5 8. O-O Na6 9. Nc3 Nc5 10. Ne1 Nf6 11. Nd3 b6 12. h3 O-O 13. f4 Nh5 14. Kh2 Nxd3 15. Qxd3 f5 16. Bf3 exf4 17. Bxh5 fxg3+ 18. Qxg3 gxh5 19. exf5 Bxf5 20. Bh6 Qf6 21. Bxg7 Qxg7 22. Qxg7+ Kxg7 23. Nb5 Bd7 24. Nxc7 Rac8 25. Rxf8 Kxf8 26. Rf1+ Ke7 27. Re1+ Kf6 28. Nb5 Rxc4 29. Nxd6 Rc2+ 30. Kg3 Rxb2 31. Nc4 h4+ 32. Kxh4 Rb4 33. Re4 Bf5 34. d6 Bxe4 0-1

[Event "FIDE Women’s World Rapid Championships 2024"]
[White "Kiolbasa, Oliwia"]
[Black "Castillo Beitia, Ashley Alexandra"]
[Site "New York, USA"]
[Round "3"]
[Board "38"]
[Result "1-0"]
[Date "2024.12.26"]
[WhiteElo "2291"]
[BlackElo "1927"]
[PlyCount "97"]
[GameId "2127263858807294"]
[EventDate "2024.12.26"]
[EventType "rapid"]
[EventRounds "11"]
[EventCountry "FID"]

1. e4 c5 2. Nf3 d6 3. Bb5+ Bd7 4. c4 g6 5. d4 Bxb5 6. cxb5 Nd7 7. O-O Bg7 8. Nc3 cxd4 9. Nxd4 Ngf6 10. Re1 O-O 11. Bg5 Rc8 12. a4 Ne5 13. Rc1 Qa5 14. f4 Nc4 15. b3 Nb6 16. Qd3 e5 17. Nf3 Nfd7 18. fxe5 Nxe5 19. Nxe5 Bxe5 20. Bd2 Qb4 21. Ne2 Qa3 22. Qh3 Qb2 23. Bh6 Rxc1 24. Bxc1 Qc2 25. a5 Nc8 26. Bh6 Qc5+ 27. Kf1 Bg7 28. Bxg7 Kxg7 29. Rc1 Qxb5 30. Rxc8 Rxc8 31. Qxc8 f6 32. Qc7+ Kh6 33. Qxd6 Qxb3 34. Qf8+ Kg5 35. Qc5+ Kh6 36. Kf2 g5 37. Qxa7 Qb4 38. Qd4 Qe7 39. Ng3 Kg6 40. Nf5 Qc7 41. Ne3 Qxh2 42. Qxf6+ Kxf6 43. Ng4+ Ke6 44. Nxh2 Ke5 45. Ke3 h5 46. Nf3+ Kf6 47. Kd4 g4 48. e5+ Ke6 49. Nh4 1-0

[Event "FIDE Women’s World Rapid Championships 2024"]
[White "Derlich, Sarah Sima"]
[Black "Mammadova, Gulnar"]
[Site "New York, USA"]
[Round "3"]
[Board "39"]
[Result "0-1"]
[Date "2024.12.26"]
[WhiteElo "1807"]
[BlackElo "2289"]
[PlyCount "116"]
[GameId "2127263858807295"]
[EventDate "2024.12.26"]
[EventType "rapid"]
[EventRounds "11"]
[EventCountry "FID"]

1. e4 e5 2. Nf3 Nc6 3. Bc4 Nf6 4. d3 Bc5 5. c3 d6 6. O-O a5 7. Bb3 h6 8. Nbd2 O-O 9. h3 Be6 10. Re1 Re8 11. Bc2 d5 12. exd5 Bxd5 13. Ne4 Bf8 14. Qe2 Nh5 15. Nh2 Nf4 16. Bxf4 exf4 17. Qg4 Bxe4 18. dxe4 Qf6 19. Nf3 a4 20. a3 Ra5 21. Re2 Rd8 22. Rd1 Bd6 23. Rd5 Rxd5 24. exd5 Ne7 25. Bxa4 Nxd5 26. Re8+ Rxe8 27. Bxe8 Nb6 28. Bb5 Qe7 29. Qf5 g6 30. Qc2 c6 31. Bd3 Qe6 32. Kf1 Kg7 33. Nd4 Qd5 34. a4 c5 35. a5 Nc4 36. Bxc4 Qxc4+ 37. Ne2 Qb5 38. c4 Qxa5 39. Qc3+ Qxc3 40. Nxc3 Be5 41. Ne4 b6 42. b3 f5 43. Nd2 Kf6 44. Ke2 g5 45. f3 Bc3 46. Nf1 h5 47. Kd3 Be1 48. Ke2 Bb4 49. Nh2 Ke5 50. Kd3 Be1 51. Ke2 Bg3 52. Nf1 Kd4 53. Kd2 Bf2 54. Ke2 Be3 55. g3 Kc3 56. Nxe3 fxe3 57. Kxe3 Kxb3 58. Kd3 Kb4 0-1

[Event "FIDE Women’s World Rapid Championships 2024"]
[White "Javakhishvili, Lela"]
[Black "Kulon, Klaudia"]
[Site "New York, USA"]
[Round "3"]
[Board "40"]
[Result "1/2-1/2"]
[Date "2024.12.26"]
[WhiteElo "2321"]
[BlackElo "2258"]
[PlyCount "164"]
[GameId "2127263858807296"]
[EventDate "2024.12.26"]
[EventType "rapid"]
[EventRounds "11"]
[EventCountry "FID"]

1. Nf3 Nf6 2. b3 g6 3. Bb2 Bg7 4. g3 c5 5. c4 d6 6. Bg2 e5 7. O-O O-O 8. Nc3 Nc6 9. Ne1 Bd7 10. Nc2 Qc8 11. Re1 Bh3 12. Bh1 Kh8 13. a3 Ne8 14. b4 cxb4 15. axb4 f5 16. Nd5 f4 17. e3 fxg3 18. hxg3 Qf5 19. f3 e4 20. Bxg7+ Nxg7 21. f4 Bg4 22. Qb1 Qh5 23. Bg2 Bf3 24. Rf1 Bxg2 25. Kxg2 Qe2+ 26. Rf2 Qxc4 27. Nc3 Qe6 28. b5 Ne7 29. Nd4 Qg4 30. Qxe4 Nef5 31. Nxf5 Nxf5 32. Ne2 Rf7 33. Rh1 Rc8 34. Qd5 Re7 35. e4 Rce8 36. exf5 Rxe2 37. Qd4+ Kg8 38. Qc4+ Kh8 39. f6 d5 40. Qd3 Rxf2+ 41. Kxf2 Qe6 42. Qe3 h5 43. Rc1 Qd7 44. Qd4 Kg8 45. Rc5 Rd8 46. Qe5 Re8 47. Qxd5+ Qxd5 48. Rxd5 Re6 49. Rd8+ Kf7 50. Rd7+ Kxf6 51. Rxb7 a5 52. b6 a4 53. Rb8 Kg7 54. b7 Rb6 55. Ke3 a3 56. Ra8 Rxb7 57. Rxa3 Re7+ 58. Kf3 Rd7 59. d3 Kf6 60. Ra6+ Kf5 61. Ra5+ Kf6 62. Ke4 Re7+ 63. Re5 Ra7 64. d4 Ra4 65. Rb5 Ra3 66. Rg5 Ra4 67. Kd3 Kf7 68. Ke4 Kf6 69. Rb5 Ra3 70. Rb6+ Kf7 71. Ke5 Re3+ 72. Kd6 Rxg3 73. d5 h4 74. Rb7+ Kf6 75. Rh7 h3 76. Kd7 Kf5 77. Rh4 Rd3 78. d6 g5 79. fxg5 Kxg5 80. Rh8 Kg4 81. Ke7 Kg3 82. d7 h2 1/2-1/2

[Event "FIDE Women’s World Rapid Championships 2024"]
[White "Sargsyan, Anna M."]
[Black "Jarocka, Liwia"]
[Site "New York, USA"]
[Round "3"]
[Board "41"]
[Result "1/2-1/2"]
[Date "2024.12.26"]
[WhiteElo "2306"]
[BlackElo "2127"]
[PlyCount "132"]
[GameId "2127263858807297"]
[EventDate "2024.12.26"]
[EventType "rapid"]
[EventRounds "11"]
[EventCountry "FID"]

1. e4 c6 2. d3 d5 3. Nf3 Qc7 4. Nc3 Nf6 5. e5 Ng8 6. Bf4 Bg4 7. Qd2 e6 8. Nh4 Be7 9. h3 Bh5 10. g4 Bxh4 11. gxh5 Ne7 12. Rg1 Nf5 13. d4 Nd7 14. O-O-O O-O-O 15. Kb1 Qb6 16. Na4 Qxd4 17. Qxd4 Nxd4 18. Rxg7 Nf3 19. Rxf7 Nfxe5 20. Rg7 Bxf2 21. Bg5 Rdf8 22. h4 h6 23. Bd2 b5 24. Nc3 Bxh4 25. Bh3 Bf6 26. Rg2 Re8 27. a4 a6 28. axb5 axb5 29. Ne2 Nc4 30. Bc1 Nc5 31. b3 Ne5 32. Rf1 Ned7 33. Rg6 Ne4 34. c4 bxc4 35. bxc4 Kc7 36. Nf4 Ndc5 37. Ba3 Ra8 38. Bxc5 Ra1+ 39. Kc2 Ra2+ 40. Kd1 Rd2+ 41. Ke1 Bh4+ 42. Bf2 Bxf2+ 43. Rxf2 Rxf2 44. Nxe6+ Kb8 45. Nd4 Rf6 46. Nxc6+ Kc7 47. Ne7 Rxg6 48. hxg6 dxc4 49. g7 Re8 50. g8=Q Rxg8 51. Nxg8 h5 52. Bf5 Nd6 53. Bg6 h4 54. Nf6 Kb6 55. Nd7+ Kb5 56. Ne5 Kb4 57. Kd2 h3 58. Nf3 c3+ 59. Kc1 Nc4 60. Bf5 Nd2 61. Nh2 Nb3+ 62. Kd1 Ka3 63. Bxh3 Kb2 64. Bf5 Nd4 65. Be4 c2+ 66. Bxc2 Nxc2 1/2-1/2

[Event "FIDE Women’s World Rapid Championships 2024"]
[White "Charkhalashvili, Inga"]
[Black "Paragua, Megan Althea"]
[Site "New York, USA"]
[Round "3"]
[Board "42"]
[Result "1-0"]
[Date "2024.12.26"]
[WhiteElo "2289"]
[BlackElo "2017"]
[PlyCount "79"]
[GameId "2127263858807298"]
[EventDate "2024.12.26"]
[EventType "rapid"]
[EventRounds "11"]
[EventCountry "FID"]

1. d4 Nf6 2. c4 e6 3. Nc3 d5 4. Bg5 Be7 5. e3 O-O 6. Nf3 h6 7. Bh4 b6 8. cxd5 Nxd5 9. Bxe7 Qxe7 10. Nxd5 exd5 11. Rc1 Bb7 12. Bd3 c5 13. dxc5 bxc5 14. O-O Nd7 15. Bf5 Nb6 16. Qc2 Qf6 17. Rfd1 Nc4 18. b3 Nd6 19. Bg4 Ne4 20. Ne1 c4 21. bxc4 dxc4 22. Bf3 Qe5 23. Rd4 Rfe8 24. Rxc4 Rad8 25. Nd3 Qa5 26. h3 Qd2 27. Rxe4 Qxc1+ 28. Nxc1 Bxe4 29. Bxe4 Rc8 30. Qb1 Rc4 31. Bd3 Rc7 32. Nb3 Rd8 33. Nd4 Rdc8 34. Kh2 g6 35. Bxg6 fxg6 36. Qxg6+ Kh8 37. Qxh6+ Kg8 38. Ne6 Rh7 39. Qg6+ Kh8 40. Ng5 1-0

[Event "FIDE Women’s World Rapid Championships 2024"]
[White "Ouellet, Maili-Jade"]
[Black "Padmini, Rout"]
[Site "New York, USA"]
[Round "3"]
[Board "43"]
[Result "1/2-1/2"]
[Date "2024.12.26"]
[WhiteElo "2149"]
[BlackElo "2267"]
[PlyCount "63"]
[GameId "2127263858811395"]
[EventDate "2024.12.26"]
[EventType "rapid"]
[EventRounds "11"]
[EventCountry "FID"]

1. d4 Nf6 2. c4 g6 3. Nc3 d5 4. cxd5 Nxd5 5. e4 Nxc3 6. bxc3 Bg7 7. Nf3 c5 8. Bb5+ Nc6 9. O-O O-O 10. Bxc6 bxc6 11. Qc2 cxd4 12. cxd4 Bg4 13. Ne5 Qxd4 14. Bb2 Qb6 15. Rab1 Bxe5 16. Bxe5 Qa5 17. Bc3 Qc5 18. Qb2 a5 19. Bd4 Qb4 20. Qa1 Qa4 21. Qc3 Rfd8 22. Bc5 Rd7 23. Qe5 f6 24. Qf4 Be6 25. Rb8+ Rxb8 26. Qxb8+ Kf7 27. Qh8 Qxe4 28. Qxh7+ Ke8 29. Qh8+ Kf7 30. Qh7+ Ke8 31. Qh8+ Kf7 32. Qh7+ 1/2-1/2

[Event "FIDE Women’s World Rapid Championships 2024"]
[White "Kaldarova, Ayaulym"]
[Black "Foisor, Sabina-Francesca"]
[Site "New York, USA"]
[Round "3"]
[Board "44"]
[Result "1-0"]
[Date "2024.12.26"]
[WhiteElo "2011"]
[BlackElo "2296"]
[PlyCount "157"]
[GameId "2127263858811396"]
[EventDate "2024.12.26"]
[EventType "rapid"]
[EventRounds "11"]
[EventCountry "FID"]

1. Nf3 d5 2. g3 Nf6 3. Bg2 e6 4. c4 Be7 5. O-O O-O 6. b3 b6 7. Bb2 Bb7 8. e3 Nbd7 9. Nc3 dxc4 10. bxc4 c5 11. Qe2 Rc8 12. d3 a6 13. a4 Qc7 14. e4 Nb8 15. Nd1 Nc6 16. Ne3 Rfd8 17. e5 Nd7 18. Nc2 Nf8 19. Nfe1 Rd7 20. f4 Rcd8 21. Ne3 Nb4 22. Bxb7 Qxb7 23. Rd1 g6 24. Bc3 Qc6 25. g4 Qxa4 26. f5 exf5 27. gxf5 Bg5 28. Ng4 Nxd3 29. e6 Nf4 30. Rxf4 Rxd1 31. exf7+ Kxf7 32. fxg6+ Kxg6 33. Ne5+ Kg7 34. N5f3+ Kg8 35. Qe5 R8d4 36. Bxd4 cxd4 37. Qxg5+ Ng6 38. Qd5+ Kh8 39. Qd8+ Kg7 40. Qf6+ Kg8 41. Qe6+ Kh8 42. Ng5 Rxe1+ 43. Qxe1 Nxf4 44. Qe5+ Kg8 45. Qxf4 Qd1+ 46. Kf2 Qc2+ 47. Kg3 Qxc4 48. Qb8+ Kg7 49. Qe5+ Kg6 50. Nf3 Qc5 51. Nh4+ Kf7 52. Qf4+ Ke6 53. Qh6+ Kd5 54. Qxh7 Kc4 55. Nf3 d3 56. Qf7+ Kb4 57. Qf4+ Qc4 58. Qd6+ Kc3 59. Qxb6 Kc2 60. Qf2+ Kc3 61. Qe1+ Kc2 62. h4 Qc3 63. Qxc3+ Kxc3 64. h5 d2 65. Nxd2 Kxd2 66. h6 a5 67. h7 Kc2 68. h8=Q Kb3 69. Qg8+ Kb4 70. Qg4+ Kb3 71. Qf3+ Kb4 72. Qe4+ Kb3 73. Qd3+ Kb4 74. Qd4+ Kb3 75. Qa1 a4 76. Kf3 a3 77. Ke3 a2 78. Kd3 Ka3 79. Kc3 1-0

[Event "FIDE Women’s World Rapid Championships 2024"]
[White "Huang, Qian"]
[Black "Sevcikova, Lucia"]
[Site "New York, USA"]
[Round "3"]
[Board "45"]
[Result "1-0"]
[Date "2024.12.26"]
[WhiteElo "2399"]
[BlackElo "2132"]
[PlyCount "83"]
[GameId "2127263858811397"]
[EventDate "2024.12.26"]
[EventType "rapid"]
[EventRounds "11"]
[EventCountry "FID"]

1. c4 c6 2. Nf3 d5 3. b3 Nf6 4. Bb2 Bf5 5. g3 e6 6. Bg2 h6 7. O-O Be7 8. d3 O-O 9. a3 a5 10. Nc3 Na6 11. Rc1 Bh7 12. cxd5 exd5 13. Nd4 Nc7 14. Na4 Ne6 15. Nxe6 fxe6 16. Nc5 Bxc5 17. Rxc5 Nd7 18. Rc1 e5 19. b4 axb4 20. axb4 Qb6 21. Qb3 Rf7 22. b5 Ra5 23. Bc3 Rxb5 24. Qa3 d4 25. Bd2 Nc5 26. Rc4 Na6 27. Rfc1 Rb3 28. Qa1 Rf6 29. Ba5 Qb5 30. Be1 Bf5 31. Ra4 Re6 32. Ra3 Rb2 33. Ra2 Rb3 34. Ra3 Re7 35. Qa2 Be6 36. Ra5 Rb2 37. Qa3 Qb3 38. Qxe7 Rxe2 39. Ra3 Qb2 40. Qxe6+ Kh8 41. Raa1 Nb4 42. Ra8+ 1-0

[Event "FIDE Women’s World Rapid Championships 2024"]
[White "Divya, Deshmukh"]
[Black "Munkhzul, Davaakhuu"]
[Site "New York, USA"]
[Round "3"]
[Board "46"]
[Result "1-0"]
[Date "2024.12.26"]
[WhiteElo "2393"]
[BlackElo "2006"]
[PlyCount "121"]
[GameId "2127263858811398"]
[EventDate "2024.12.26"]
[EventType "rapid"]
[EventRounds "11"]
[EventCountry "FID"]

1. c4 e6 2. g3 d5 3. Bg2 Nf6 4. Nf3 dxc4 5. Qa4+ c6 6. Qxc4 b5 7. Qc2 Bb7 8. d4 Nbd7 9. a4 a6 10. O-O c5 11. Bg5 Rc8 12. axb5 axb5 13. Qb3 Qb6 14. Bxf6 Bd5 15. Qd3 Nxf6 16. Nc3 Bc4 17. dxc5 Bxc5 18. Qc2 O-O 19. b3 Bd5 20. Nxd5 Nxd5 21. Qb2 b4 22. Qe5 Bd6 23. Qh5 Rc2 24. e3 Nf6 25. Qh4 h6 26. Rfc1 Rb2 27. Qc4 Nd5 28. Ra6 Qb8 29. Bf1 Nc3 30. Rc6 Rd8 31. Bd3 Bf8 32. Kg2 Qa8 33. Rc2 Rxc2 34. Bxc2 Qa2 35. Ne1 Qa1 36. Kf1 Rd2 37. Ra6 Qc1 38. Ra8 Rxc2 39. Rxf8+ Kxf8 40. Qc8+ Ke7 41. Qc7+ Kf6 42. Qd8+ Kg6 43. Qd3+ f5 44. Qxc2 Qa1 45. Qd3 Qb2 46. Qc4 Kf6 47. Nd3 Qb1+ 48. Kg2 Nd5 49. Nxb4 Nxb4 50. Qxb4 Kf7 51. h4 Qd1 52. Qc4 Qd6 53. b4 Qb6 54. b5 Ke7 55. Qc3 Qb7+ 56. Kg1 Kd6 57. Qd4+ Kc7 58. Qxg7+ Kb6 59. Qxb7+ Kxb7 60. f3 Kb6 61. g4 1-0

[Event "FIDE Women’s World Rapid Championships 2024"]
[White "Serikbay, Assel"]
[Black "Cervantes Landeiro, Thalia"]
[Site "New York, USA"]
[Round "3"]
[Board "47"]
[Result "0-1"]
[Date "2024.12.26"]
[WhiteElo "2121"]
[BlackElo "2244"]
[PlyCount "178"]
[GameId "2127263858811399"]
[EventDate "2024.12.26"]
[EventType "rapid"]
[EventRounds "11"]
[EventCountry "FID"]

1. d4 Nf6 2. c4 g6 3. g3 c6 4. Bg2 d5 5. Nf3 Bg7 6. O-O O-O 7. cxd5 cxd5 8. Nc3 Ne4 9. Qb3 Nc6 10. Rd1 Nxc3 11. bxc3 Na5 12. Qb4 Bf5 13. Ne5 Rc8 14. Ba3 Re8 15. Qb5 Be6 16. e4 a6 17. Qb4 dxe4 18. Bxe4 Bd5 19. Re1 e6 20. Bxd5 Qxd5 21. Rac1 Nc4 22. Nxc4 Rxc4 23. Qb6 Ra4 24. Bc5 Rxa2 25. c4 Qf5 26. d5 Rc8 27. Qb3 Rb2 28. Qe3 h5 29. Ba3 Ra2 30. dxe6 fxe6 31. Bd6 Bh6 32. Bf4 Bxf4 33. Qxf4 Qxf4 34. gxf4 Kf7 35. Rb1 Rc7 36. Rb6 Re7 37. Reb1 Ra4 38. c5 Rxf4 39. Rxb7 Rc4 40. R7b6 a5 41. R1b5 a4 42. Ra5 Rc7 43. Raa6 R4xc5 44. Rxe6 Rg5+ 45. Kf1 a3 46. Re3 Rc1+ 47. Ke2 Rc2+ 48. Kd3 Rxf2 49. Rxa3 Rd5+ 50. Ke4 Rdf5 51. Ra7+ Kf6 52. Ra6+ Kg7 53. Rg3 Rf6 54. Ra7+ Kh6 55. h3 Re6+ 56. Kd5 Rb6 57. Ra8 Rf5+ 58. Kc4 Rbf6 59. Rh8+ Kg7 60. Rd8 Rf3 61. Rd3 R3f4+ 62. Kc3 Kh6 63. Rge3 Kg5 64. Kd2 Kh4 65. Rg3 Rf2+ 66. Kc3 g5 67. Rge3 Rc6+ 68. Kb3 g4 69. hxg4 hxg4 70. Re4 Rg2 71. Rd8 Kg3 72. Rg8 Kf3 73. Rge8 Rf2 74. Re3+ Kg2 75. Rg8 Rf4 76. Kb2 Rcc4 77. Kb3 Rce4 78. Rd3 Rf3 79. Kc2 Rxd3 80. Kxd3 Kf3 81. Rf8+ Rf4 82. Re8 g3 83. Re3+ Kf2 84. Re2+ Kf1 85. Ra2 g2 86. Ke3 g1=Q+ 87. Kxf4 Qd4+ 88. Kg3 Qg7+ 89. Kh4 Qh7+ 0-1

[Event "FIDE Women’s World Rapid Championships 2024"]
[White "Lesbekova, Assel"]
[Black "Krasteva, Beloslava"]
[Site "New York, USA"]
[Round "3"]
[Board "48"]
[Result "1/2-1/2"]
[Date "2024.12.26"]
[WhiteElo "1973"]
[BlackElo "2196"]
[PlyCount "213"]
[GameId "2127263858815496"]
[EventDate "2024.12.26"]
[EventType "rapid"]
[EventRounds "11"]
[EventCountry "FID"]

1. d4 Nf6 2. Bf4 d6 3. e3 Nbd7 4. Nf3 Nh5 5. Bg5 h6 6. Bh4 g5 7. Bg3 Bg7 8. Bd3 Nxg3 9. hxg3 c5 10. Nbd2 b6 11. c3 Bb7 12. e4 cxd4 13. Nxd4 Nc5 14. Bc2 e6 15. b4 Na6 16. Bd3 O-O 17. Qb3 Nc7 18. f4 Qf6 19. Ne2 Rac8 20. O-O Qe7 21. Nf3 Ne8 22. Rac1 Nf6 23. Qb1 Ng4 24. Ned4 Ne3 25. Rfe1 Nc4 26. a4 g4 27. Nh2 h5 28. Qa2 d5 29. e5 Rfe8 30. Qe2 Qf8 31. Kf2 f6 32. Bg6 fxe5 33. Nxg4 exd4 34. Nh2 Qf6 35. Qxh5 Kf8 36. Ng4 Qd8 37. f5 Nd6 38. fxe6 Ke7 39. Qg5+ Kf8 40. Qf4+ Ke7 41. Qg5+ Kf8 42. e7+ Rxe7 43. Qf4+ Rf7 44. Bxf7 Nxf7 45. cxd4 Rxc1 46. Rxc1 Qd6 47. Qxd6+ Nxd6 48. Ke3 Nc4+ 49. Kd3 Ke7 50. Re1+ Kd6 51. Re2 Bc8 52. Ne3 Nxe3 53. Rxe3 Bf5+ 54. Kc3 Be4 55. g4 Ke6 56. a5 bxa5 57. bxa5 Bf6 58. Re2 Bd8 59. Kb4 a6 60. g3 Be7+ 61. Ka4 Kd7 62. Rb2 Kc7 63. Kb3 Bd6 64. Kc3 Bxg3 65. Rb6 Be1+ 66. Kb2 Bd3 67. g5 Bxa5 68. Re6 Kd7 69. Re5 Bb6 70. Kc3 Be4 71. g6 Bxg6 72. Rxd5+ Kc6 73. Re5 Bf7 74. Rf5 Bg8 75. Rg5 Bf7 76. Rf5 Ba2 77. Rh5 a5 78. Rh6+ Kb5 79. Rh5+ Kc6 80. Rh6+ Kb7 81. Rh7+ Kc8 82. Rh6 Bc7 83. Kb2 Bd5 84. Rh5 Be4 85. Rh4 Bd3 86. Kc3 Bf5 87. Kc4 Bg3 88. Rh5 Be6+ 89. d5 Bd7 90. Rg5 Bf4 91. Rg2 a4 92. Re2 Kc7 93. Ra2 Bd6 94. Ra1 Be8 95. Ra2 Kb6 96. Rb2+ Ka6 97. Rg2 Bb5+ 98. Kd4 Ka5 99. Rg6 Bb4 100. d6 a3 101. Kd5 a2 102. Rg1 Bc3 103. Ke6 Kb6 104. Ke7 a1=Q 105. Rxa1 Bxa1 106. d7 Bxd7 107. Kxd7 1/2-1/2